Statistics for Countries that Visit Italy the Most

Click here to take the quiz!

General Stats

  • This quiz has been taken 58 times
  • The average score is 13 of 15

Answer Stats

#Country% Correct
4.5 mUnited States
98%
3.3 mChina
96%
4.3 mFrance
96%
10.8 mGermany
96%
1.7 mSpain
95%
2.7 mSwitzerland
93%
3.3 mUnited Kingdom
93%
2.3 mAustria
91%
1.1 mJapan
91%
1.2 mRussia
91%
1.9 mNetherlands
82%
0.9 mAustralia
75%
1.1 mBelgium
75%
1.2 mPoland
75%
0.8 mBrazil
74%

Score Distribution

Percentile by Number Answered

Percent of People with Each Score

Your Score History

You have not taken this quiz